000 00785cam a2200181 4500
001 WS119500
008 020830n 000 0 eng u
035 _a(Sirsi) u119500
110 _aAsbestos Removal Contractors Association
_9473
245 _aAsbestos Removal Contractors Association
520 _aWeb site for this association of specialist contractors committed to the safe removal of asbestos and other hazardous material. Includes details of training plus a directory of members.
650 _aORGANISATION
650 _aMANAGEMENT-HEALTH AND SAFETY-HAZARDOUS SUBSTANCES-ASBESTOS
650 _aASBESTOS REMOVAL
690 _aBUILT ENVIRONMENT-BUILDING MATERIALS
856 4 0 _uhttps://www.arca.org.uk
_View the website free of charge at www.arca.org.co.uk...
942 _n0
999 _c120189
_d120189